Twice in a lifetime /
"Harry and Kate Mackenzie married for better or worse and after 30 years, their union is neither better nor worse. Instead, it somehow simply died. But Harry has a second chance in life. He's met a woman who rekindles his sense of life's fullness. But Harry knows taking that chance wi...
| Corporate Author: | |
|---|---|
| Other Authors: | , , , , , , |
| Format: | Video DVD |
| Language: | English |
| Language Notes: | In English with optional English, French or Spanish subtitled versions. Closed-captioned for the hearing imparied. |
| Published: |
[Burbank, Calif.] :
Warner Home Video,
©2005.
|
| Subjects: |
MARC
| Tag | First Indicator | Second Indicator | Subfields |
|---|---|---|---|
| LEADER | 00000cgm a2200000Ia 4500 | ||
| 001 | in00004746418 | ||
| 008 | 050819p20051985cau111 vleng d | ||
| 007 | vd cvaiz| | ||
| 005 | 20231019153551.2 | ||
| 035 | |a (OCoLC)ocm61296076 | ||
| 040 | |a NAB |b eng |c NAB |d NAB |d VP@ |d BTCTA |d WAU |d OCLCQ |d CNB |d QQ3 |d OCLCQ |d ZCU |d OCLCF |d OCLCO |d OCL |d OCLCO |d OCLCA |d OCLCQ |d OCLCO |d LTP |d IAD |d LKC |d OCLCO |d IN4 |d WYZBL | ||
| 019 | |a 1059207211 |a 1105285353 |a 1127766597 |a 1230296094 |a 1296607763 |a 1305874814 |a 1371941591 | ||
| 020 | |a 0790792354 | ||
| 020 | |a 9780790792354 | ||
| 024 | 1 | |a 085393447526 | |
| 028 | 4 | 2 | |a 34475 |b Warner Brothers |
| 035 | |a (OCoLC)61296076 |z (OCoLC)1059207211 |z (OCoLC)1105285353 |z (OCoLC)1127766597 |z (OCoLC)1230296094 |z (OCoLC)1296607763 |z (OCoLC)1305874814 |z (OCoLC)1371941591 | ||
| 041 | 1 | |a eng |j eng |j fre |j spa |h eng | |
| 082 | 0 | 4 | |a 791.43/72 |2 22 |
| 090 | |a PN1997 |b .T74 2005 | ||
| 245 | 0 | 0 | |a Twice in a lifetime / |c a Bud Yorkin film ; written by Colin Welland ; produced and directed by Bud Yorkin. |
| 260 | |a [Burbank, Calif.] : |b Warner Home Video, |c ©2005. | ||
| 300 | |a 1 videodisc (111 min.) : |b sound, color ; |c 4 3/4 in. | ||
| 336 | |a two-dimensional moving image |b tdi |2 rdacontent | ||
| 337 | |a video |b v |2 rdamedia | ||
| 338 | |a videodisc |b vd |2 rdacarrier | ||
| 347 | |a video file |b DVD video |2 rda | ||
| 538 | |a DVD, NTSC, region 1. | ||
| 546 | |a In English with optional English, French or Spanish subtitled versions. | ||
| 546 | |a Closed-captioned for the hearing imparied. | ||
| 511 | 1 | |a Gene Hackman, Ann-Margret, Ellen Burstyn, Amy Madigan, Ally Sheedy, Stephen Lang, Darrell Larson, Brian Dennehy. | |
| 508 | |a Music, Pat Metheny ; editor, Robert C. Jones ; director of photography, Nick McLean. | ||
| 500 | |a Original released as a motion picture in 1985. | ||
| 500 | |a "Standard version. This film has been modified as follows from its original version: it has been formatted to fit your screen"--Container. | ||
| 521 | 8 | |a MPAA rating: R. | |
| 520 | |a "Harry and Kate Mackenzie married for better or worse and after 30 years, their union is neither better nor worse. Instead, it somehow simply died. But Harry has a second chance in life. He's met a woman who rekindles his sense of life's fullness. But Harry knows taking that chance will cause his family pain"--Container. | ||
| 500 | |a Special features: commentary by Ann-Margaret, Amy Madigan and director Bud Yorkin. | ||
| 650 | 0 | |a Man-woman relationships |v Drama. | |
| 650 | 7 | |a Man-woman relationships. |2 fast |0 (OCoLC)fst01007080 | |
| 655 | 7 | |a Drama. |2 fast |0 (OCoLC)fst01423879 | |
| 655 | 7 | |a Feature films. |2 fast |0 (OCoLC)fst01710384 | |
| 655 | 7 | |a Video recordings for the hearing impaired. |2 fast |0 (OCoLC)fst01710450 | |
| 655 | 7 | |a Feature films. |2 lcgft | |
| 655 | 7 | |a Fiction films. |2 lcgft | |
| 655 | 7 | |a Video recordings for the hearing impaired. |2 lcgft | |
| 700 | 1 | |a Hackman, Gene. | |
| 700 | 0 | |a Ann-Margret, |d 1941- | |
| 700 | 1 | |a Burstyn, Ellen, |d 1932- | |
| 700 | 1 | |a Madigan, Amy. | |
| 700 | 1 | |a Metheny, Pat. | |
| 700 | 1 | |a Welland, Colin. | |
| 700 | 1 | |a Yorkin, Bud, |d 1926-2015. | |
| 710 | 2 | |a Warner Home Video (Firm) | |
| 938 | |a Baker and Taylor |b BTCP |n be2005011889 | ||
| 994 | |a Z0 |b TXA | ||
| 948 | |h NO HOLDINGS IN TXA - 93 OTHER HOLDINGS | ||
| 999 | f | f | |s e1e96391-3043-445d-ab3e-c1d112b24847 |i 2fc0f273-3372-4573-8715-57b88ebb7c83 |t 0 |
| 952 | f | f | |p dvd |a Texas A&M University |b College Station |c Sterling C. Evans Library |d Evans: Media and Reserves (Annex 1st floor) |t 0 |e PN1997 .T74 2005 |h Library of Congress classification |i video -- videodisc |m A14852563353 |
| 998 | f | f | |a PN1997 .T74 2005 |t 0 |l Evans: Media and Reserves (Annex 1st floor) |